00550nam a2200181 a 4500008004100000020001500041050001700056100002600073245008100099250001200180260003400192300002400226350000900250500001800259650003900277650002300316700002900339090127s2003 ||||||||||||||||| || u a0716743744 aQD 251.2 Vol aVollhardt, K. Peter C10aOrganic Chemistry. -- 2nd ed.cK. Peter C. Vollhardt; Neil Eric Schore,1948- a2nd ed. aNew YorkbW.H. Freemanc2003. axxix, 1203p. : ill. a0.00 aBibliography. 0aCHEMISTRY--HANDBOOKS, MANUALS, ETC 0aCHEMISTRY--ORGANIC aSchore, Neil Eric, 1948-